000 00632cab a2200217 4500
001 ABS55990
008 090401t1996 xxu||||| |||| 00| 0 eng d
035 _a(Sirsi) u20295
041 _aeng
100 _aO`Riordain, D.
245 _aCould it be you?
260 _c1996
350 _a0
490 _aCertified Accountant
_v88(10) October 1996, 22-24(3)
520 _aOutlines how to go about applying for a grant from the lottery, highlighting possible pitfalls.
650 _aGRANT APPLICATIONS
650 _aLOTTERY FUNDING
690 _aPROPERTY-PROPERTY FINANCE AND INVESTMENT
942 _n0
948 _c04/03/1997
999 _c13596
_d13596